00263nam a2200121Ia 45000030006000000080041000060400015000471000021000622450020000832600009001035460012001120050017001240STCL150530s9999 xx 000 0 und d aSTCLcSTCL aWilliam Faulkner aAbsalom Absalom c1964 aEnglish20220125171347.0